| 000 | 00734nam a22002177a 4500 | ||
|---|---|---|---|
| 005 | 20170726110028.0 | ||
| 010 | _aENG-119400 | ||
| 020 |
_a9789350358672 _c2250.00 |
||
| 035 | _aEN-102932 | ||
| 037 | _bDBAD/PUB | ||
| 082 | _a342.5407 | ||
| 100 | _aRama Devi, V. S. | ||
| 245 |
_aHow India votes : _belection laws, practice and procedure / _cby V. S. Rama Devi [and] S. K. Mendiratta ; foreworded by V.S. Sampath |
||
| 250 | _a4th ed | ||
| 260 |
_aGurgaon _bLexis Nexis _c2017 |
||
| 270 |
_a14th floor, Building No 10, Tower-B, DLF Cyber City, Phase-ll, _bGurgaon _e122002 |
||
| 300 |
_aIxiv,1767p. _c25cm(Hb) |
||
| 500 | _aIncludes index | ||
| 700 | _aMendiratta, S. K. | ||
| 942 |
_2ddc _cEN _mRAM _h342.5407 |
||
| 999 |
_c142848 _d142848 |
||